000 01066nam a2200265 a 4500
001 BS0003260
003 BR-BrBNA
005 20230418192250.0
008 230308b |||||||| |||| 00| 0 por d
040 _aBR-BrBNA
_bpor
_cBiblioteca Nacional de Agricultura
041 _apor
072 _aB59
090 _aB59 BS0003260
100 1 _aRamanelli, Rubens Costa
245 1 _aO primado do espírito /
250 1 _a4. ed.
260 3 _aNiterói, RJ:
_bLachâtre,
_c2002.
300 _a208 p.
500 _a1 reimpressão.
520 3 _aLer O primado do espírito é privilégio, reservado por Deus somente àqueles que descobriram, no universo de sentimento, o verdadeiro sentido da vida. Rubens Romanelli realizou, neste livro fascinante, o sonho de Paulo de Tarso: falou línguas, "as dos homens e as dos anjos"; inseriu, nestas páginas cintilantes, "o dom da profecia, o conhecimento de todos os mistérios e de toda a ciência".
650 _aESPIRITISMO
650 _aLITERATURA ESPÍRITA
909 _a202304
_bSergio Santos
_c56
_dSergio Santos
942 _cBK
999 _c8323
_d8323